| 000 | 00409nam a2200169Ia 4500 | ||
|---|---|---|---|
| 008 | 230524s9999 xx 000 0 und d | ||
| 020 | _a9971511800 | ||
| 082 |
_a530 _bKIT |
||
| 100 | _aCharles Kittel | ||
| 245 | 0 | _aIntroduction to Solid State Physics | |
| 250 | _a7TH | ||
| 260 |
_aNEW DELHI _bJohn Willy _c1996 |
||
| 300 | _aX;673 | ||
| 500 | _aQuantity Number: 52 | ||
| 650 | _aPhysics | ||
| 942 | _cBK | ||
| 999 |
_c14964 _d14964 |
||